00313nam a2200133Ia 4500008004100000041000800041082001200049100001400061245002200075250001300097260003700110300001000147650002200157230724s2000 xx 000 0 und d aeng a345/MIS aMisra S N aIndian Penal Code a9th, Ed aAllahabadbCental Law Pub.c2000 a648p. aINDIAN PENAL CODE